000 00442nam a2200169 i 4500
001 bg
245 0 _aFizika vakuumnogo ul'trafioletogo izlucenija.
260 _aKiev :
_bIzdat. "Naukova Dumka",
_c1974.
300 _as. 255, nlb. 1 :
_brys., ilustr., tabl.
500 _a[Alf. ros.].
504 _a[Zawiera bibliogr.].
040 _cBPK
041 _apol
080 _a533.5
942 _cKS
008 s pl f |000 0 pol
999 _c26606
_d26606